| 000 | 00561nam a2200193 a 4500 | ||
|---|---|---|---|
| 005 | 20240314063634.0 | ||
| 008 | 991125m19931999mx 000 0 spa u | ||
| 020 | _a9681641132 | ||
| 035 | _aUPN01000026481 | ||
| 049 | _aI | ||
| 050 | 4 |
_aPZ7 _bS4.38 |
|
| 100 | 1 | _aSmith, Lane | |
| 245 | 1 | 4 |
_aLas grandes mascotas / _cLane Smith ; tr. Ernestina Loyo. |
| 260 |
_aMéxico : _bFCE, _c1993 (1999 impr.). |
||
| 300 |
_a[30] p : _bprincipalmente il. |
||
| 440 | 0 | _aA la orilla del viento | |
| 650 | 4 |
_aCuentos infantiles estadounidenses _910762 |
|
| 905 | _aInfantil | ||
| 999 |
_c26481 _d26481 |
||